|
|
|
|
| LEADER |
00000cam a2200000 7i4500 |
| 001 |
0000018833 |
| 005 |
20080611.0 |
| 008 |
080611 |
| 020 |
|
|
|a 9837204206
|
| 090 |
0 |
0 |
|a 658.4
|b MEY
|
| 100 |
1 |
|
|a Meyer, Henry R, Dr
|
| 245 |
1 |
0 |
|a How to manage effectively in the new millennium
|c Dr. Henry R. Meyer
|
| 260 |
|
|
|a Kuala Lumpur :
|b Golden Books Centre ,
|c 2003
|
| 650 |
|
0 |
|a Employees
|x Training
|
| 650 |
|
0 |
|a Executive ability
|
| 650 |
|
0 |
|a Executive
|x Training of
|
| 650 |
|
0 |
|a Management
|
| 999 |
|
|
|a 0001014935
|b Book
|c Adult Collection
|e Perbadanan Perpustakaan Awam Johor
|
| 999 |
|
|
|a 0001014936
|b Book
|c Adult Collection
|e Perbadanan Perpustakaan Awam Johor
|